000 00776nam a22002057a 4500
999 _c13031
_d13031
003 AR-CdUCM
008 190411b ||||| |||| 00| 0 spa d
040 _aMUNICIPALIDAD PROVINCIAL DEL CUSCO
_cBIBLIOTECA MUNICIPAL DEL CUSCO
082 _a498.2 /
_bG82 / 1935
100 _aGrigórieff, Sergio
_931207
245 _aCompendio del idioma quichua /
260 _aBuenos Aires :
_bClaridad,
_c1935.
300 _a335 páginas ;
_bIlustraciones, Mapas,
_c22 cm.
505 _aContenido: Gramática del idioma quichua -- Prosodia -- Analogía -- Parte de la oración -- Nombre substantivo -- Pronombre -- Verbo ...
650 _aLengua quechua
_97426
650 _aGramática
_99175
650 _aEstudio y enseñanza
_92610
942 _2ddc
_cLIBROS
945 _aacv
_d2019-04-11